00363nam a2200145Ia 4500008004100000084001200041100002100053245002400074250002000098260003000118260000900148260001300157300001200170500003500182180424s9999 xx 000 0 und d a150 B13 a"Bruno, Frank J" 0aStory of Psychology a\\197200ENGGPSX aHolt Rinehart and Winston b1972 cNew York axiv+209 aincludes index and biblioraphy